000 00318nam a22001337a 4500
008 181022b xxu||||| |||| 00| 0 eng d
020 _a0030417619
041 _aeng
080 _23rd
_a331.101.262
100 _a52
101 _aBNJ
245 _aFoundations of Behavioral Research
_cKerlinger,F.N
942 _2udc
_cBK
999 _c50436
_d50436